Представление документа в формате MARC21

Поле Инд. ПП Название Значение
Тип записи a
Библиографический уровень b
001 Контрольный номер RU/IS/BASE/118170917
005 Дата корректировки 20200522190813.0
084 a Индекс другой классификации/Индекс ББК 65.292.31; 65.291.551
100 1_ a Автор Ковалева Е.
q Полное имя Ковалева Елизавета
245 a Заглавие Коммерциализация интеллектуальной деятельности
n Номер части/ раздела Часть вторая
500 a Примечание Часть первую см.: "РИСК" №1, 2003
504 a Библиография Библиогр. сноски
520 a Аннотация Анализ действующих в России механизмов бюджетной поддержки малых научных предприятий, венчурного финансирования, содействия развитию инновационной инфраструктуры
650 a Основная рубрика экономика
a Основная рубрика экономика предприятия
653 a Ключевые слова венчурное инвестирование
a Ключевые слова венчурное финансирование
a Ключевые слова венчурные предприятия
a Ключевые слова Израиль
a Ключевые слова инновационная инфраструктура
a Ключевые слова интеллектуальная деятельность
a Ключевые слова интенсификация финансирования
a Ключевые слова коммерциализация инноваций
a Ключевые слова Корея
a Ключевые слова малое предпринимательство
a Ключевые слова малые научные предприятия
a Ключевые слова национальная инновационная система
a Ключевые слова поддержка предпринимательства
a Ключевые слова предпринимательство
a Ключевые слова Россия
a Ключевые слова Сингапур
a Ключевые слова США
a Ключевые слова финансирование предпринимательства
700 a Автор Черепанова Л.
q Полное имя Черепанова Людмила
773 t Заглавие источника РИСК: ресурсы, информация, снабжение, конкуренция
d Дата издания источника 2003
g Прочая информация № 2. - С. 26 - 33 : диагр., схем.
w Контрольный № источника RU/IS/BASE/112890300
901 t Тип документа b